00229nam a22000857a 4500082002100000100001700021245007100038260002500109300000900134 a621.381542 IVE'P aIVE, G. A. G aPHOTO ELECTRIC HANDBOOK WITH NOTES ON INSTALLATION AND MAINTENANCE aLONDONbGEORGEc1955 a152P